1292 1082 1557 1266 1867 1650 1173 1854 1561 1538 1866 1683 1865 1125 1846 1422 1427 1884 1193 1863 1840 1463 1288 1806 1738 1498 1882 1242 1619 1252 1678 1601 1179 1089 1635 1433 1465 1487 1211 1601 1637 1553 1279 1264 1163 1363 1192 1948 1449 1744 1989 1557 1071 1206 1337 1232 1907 1493 1581 1084 1275 1587 1411 1838 1570 1944 1758 1011 1545 1112 1025 1856 1130 1118 1106 1456 1650 1848 1578 1922 1267 1707 1365 1855 1937 1792 1313 1895 1997 1154 1215 1483 1655 1927 1016 1380 1713 1309 1806 BCNSPRNW ULIB Ver.6.0+V

เปลี่ยนเป็นภาษาไทย

Change to English
 แสดงรายละเอียดบรรณานุกรม
  กลับหน้าหลัก

Brief Record : Get Marc (ISO 2709) : E-mail record : QR code < ปิดหน้าต่าง
LEADER : 00000nam 2200000uu 4500
001    13399129211
003     ULIB
008    020711s2025 th a 000 0 eng d
020    ^a9781264278039
060    ^aWB290^bC474P
100    ^aCHARLES GOLDBERG
245    ^aPRACTICAL GUIDE TO HISTORY TAKING, PHYSICAL EXAM, AND FUNCTIONING IN THE HOSPITAL AND CLINIC
250    ^a1st ed
260    ^aNew York :^bMcGraw Hill,^c2025
300    ^a554 pages;^b21 cm
650    ^aMedical History Taking^xmethods
650    ^aPhysical Exammination^xmethods
999    ^aประนอม เกษจรัล
รายการนี้ยังไม่มีแท็ก
คุณยังไม่ได้ล็อกอิน คุณสามารถมีกิจกรรมร่วมกับเว็บไซต์ได้ แต่ต้องล็อกอินก่อน ::
  ล็อกอิน

รายการสื่อสารสนเทศ

ลำดับที่ ประเภท เลขเรียก/บาร์โค้ด สถานที่ สถานะ
1. วิทยาศาสตร์การแพทย์ และสุขภาพ
หนังสือสำรอง
สถานะ=หนังสือสำรอง
WB290 C474P ฉ.1 
  Barcode: 012197
ห้องสมุดวิทยาเขตสวรรค์ประชารักษ์
►หนังสือทั่วไป
บนชั้น

BibComment


ยังไม่เคยถูกคอมเมนท์

คอมเมนท์ทรัพยากรรายการนี้
  คอมเมนท์: PRACTICAL GUIDE ..


 Copyright 2026. Bcnsprnw @Library